Foundations of dogmatics / (Record no. 21474)

MARC details
000 -LEADER
fixed length control field 01255cam a2200385 a 4500
001 - CONTROL NUMBER
control field 4678736
003 - CONTROL NUMBER IDENTIFIER
control field OSt
005 - DATE AND TIME OF LATEST TRANSACTION
control field 20260316144552.0
008 - FIXED-LENGTH DATA ELEMENTS--GENERAL INFORMATION
fixed length control field 810608m19811983miu b 001 0 eng
010 ## - LIBRARY OF CONGRESS CONTROL NUMBER
LC control number 81007852
020 ## - INTERNATIONAL STANDARD BOOK NUMBER
International Standard Book Number 0802835546 (v. 1) :
Terms of availability $25.00
020 ## - INTERNATIONAL STANDARD BOOK NUMBER
International Standard Book Number 0802835643 (v. 2) :
Terms of availability $27.00
020 ## - INTERNATIONAL STANDARD BOOK NUMBER
International Standard Book Number 9780802835543
020 ## - INTERNATIONAL STANDARD BOOK NUMBER
International Standard Book Number 9780802835642
035 ## - SYSTEM CONTROL NUMBER
System control number 4678736
040 ## - CATALOGING SOURCE
Original cataloging agency DLC
Transcribing agency DLC
Modifying agency DLC
041 1# - LANGUAGE CODE
Language code of text/sound track or separate title eng
-- ger
050 00 - LIBRARY OF CONGRESS CALL NUMBER
Classification number BT75.2
Item number .W413 1981
082 00 - DEWEY DECIMAL CLASSIFICATION NUMBER
Classification number 230
Edition number 19
100 1# - MAIN ENTRY--PERSONAL NAME
Personal name Weber, Otto,
Dates associated with a name 1902-1966.
240 10 - UNIFORM TITLE
Uniform title Grundlagen der Dogmatik.
Language of a work English
245 10 - TITLE STATEMENT
Title Foundations of dogmatics /
Statement of responsibility, etc. by Otto Weber ; translated and annotated by Darrell L. Guder.
260 ## - PUBLICATION, DISTRIBUTION, ETC. (IMPRINT)
Place of publication, distribution, etc. Grand Rapids, Mich. :
Name of publisher, distributor, etc. Eerdmans,
Date of publication, distribution, etc. c1981-c1983.
300 ## - PHYSICAL DESCRIPTION
Extent 2 v. ;
Dimensions 24 cm.
336 ## - CONTENT TYPE
Content type term text
Content type code txt
Source rdacontent
337 ## - MEDIA TYPE
Media type term unmediated
Media type code n
Source rdamedia
338 ## - CARRIER TYPE
Carrier type term volume
Carrier type code nc
Source rdacarrier
500 ## - GENERAL NOTE
General note Translation of: Grundlagen der Dogmatik.
504 ## - BIBLIOGRAPHY, ETC. NOTE
Bibliography, etc Includes bibliographical references and indexes.
650 #0 - SUBJECT ADDED ENTRY--TOPICAL TERM
Topical term or geographic name as entry element Theology, Doctrinal.
650 #0 - SUBJECT ADDED ENTRY--TOPICAL TERM
Topical term or geographic name as entry element Theology, Doctrinal
General subdivision History.
906 ## - LOCAL DATA ELEMENT F, LDF (RLIN)
a 7
b cbc
c orignew
d 1
e ocip
f 19
g y-gencatlg
942 ## - ADDED ENTRY ELEMENTS (KOHA)
Source of classification or shelving scheme Library of Congress Classification
Koha item type General Collection
Holdings
Withdrawn status Lost status Source of classification or shelving scheme Not for loan Home library Current library Shelving location Date acquired Source of acquisition Inventory number Total Checkouts Full call number Barcode Date last seen Copy number Price effective from Koha item type
    Library of Congress Classification   Kabarak, Main Campus Kabarak, Main Campus General Stacks 16/03/2026 Donation 2025/3398   BT75.2 .W413 1981 C.1 38554 16/03/2026 C.1 16/03/2026 General Collection
Designed with assistance from East African Informatics Ltd